Statistics for Europe trivia

Click here to take the quiz!

General Stats

  • This quiz has been taken 19 times
  • The average score is 8 of 10

Answer Stats

QuestionAnswer% Correct
Which country is between Spain and France?Andorra
100%
Wich of these countries are not in Europe?Maldives
100%
Which country is the smallest in the whole world and has only one castle. About 826 people live in it.Vatican city
100%
in what order are latvia lithuania and estonia on the map? (from the top)1. Estonia, 2. Latvia, 3. Lithuania
82%
Which country owns the small area of ​​land above Poland and below Lithuania? name of the land: Kaliningrad Oblast.Russia
82%
Wich country borders Norway?Sweden
82%
How many microstates are there in Europe? Including Luxembourg.6
73%
Wich country has the most borders?Russia
73%
How many countries are there in Europe44
45%
which country is not included in every map or game as if it were in Europe?Turkey
18%

Score Distribution

Percentile by Number Answered

Percent of People with Each Score

Your Score History

You have not taken this quiz